Studies in foundations and combinatorics

Guardat en:
Dades bibliogràfiques
Autor principal: Rota, Gian-Carlo (Autor)
Format: Llibre
Idioma:anglès
Publicat: Nueva York Academic Press 1978
Col·lecció:Advances in Mathematics Suplementary Studies, 1
Matèries:
Etiquetes: Afegir etiqueta
Sense etiquetes, Sigues el primer a etiquetar aquest registre!

MARC

LEADER 00000nam a2200000 a 4500
001 UCP0840
003 CL-VaPUC
008 990319e19780000US |||||||||||||||||eng|d
082 0 4 |a 511.6  |b ROT  |2 21 
100 0 |a Rota, Gian-Carlo  |e author  |9 426433 
245 1 0 |a Studies in foundations and combinatorics 
300 |a 265 p 
942 |c BK 
945 |d 19990319 00:00:00  |a crobeson 
260 |a Nueva York  |b Academic Press  |c 1978 
650 0 |a Análisis combinatorio   |9 269849 
650 0 |a Lógica matemática   |9 262442 
650 0 |a Lógica simbólica   |9 269868 
650 0 |a Teoría de conjuntos   |9 265668 
650 0 |a Álgebra lineal   |9 260445 
650 0 |a Teoría de grafos  |9 269886 
583 |a last modification  |c 19990319 00:00:00  |k Rodrigo Vera 
490 0 |a Advances in Mathematics Suplementary Studies, 1 
999 |c 279582  |d 279580